[Event "-chT Youth Countries 2019"]
[Site "Wuerzburg"]
[Date "2019.10.02"]
[Round "2.1"]
[White "Lagunow, Raphael"]
[Black "Herbrig, Alexander"]
[Result "1-0"]
[WhiteElo "2438"]
[BlackElo "2295"]
[Annotator "NA RC"]
[PlyCount "93"]
[EventDate "2019.10.02"]
[EventType "team-tourn"]
[EventRounds "7"]
[EventCountry "GER"]
[SourceTitle "playchess.com"]
[Source "ChessBase"]
[SourceQuality "1"]
[WhiteTeam "Berlin"]
[BlackTeam "Sachsen"]
[TimeControl "40/5400+30:1800+30"]

1. e4 {[%emt 0:00:00]} c5 {[%emt 0:00:00]} 2. Nf3 {[%emt 0:00:00]} Nc6 {[%emt 0:00:00]} 3. d4 {[%emt 0:00:00]} cxd4 {[%emt 0:00:00]} 4. Nxd4 {[%emt 0:00:00]} g6 {[%emt 0:00:00]} 5. Nc3 {[%emt 0:00:15]} Bg7 {[%emt 0:00:07]} 6. Be3 {[%emt 0:00:08]} Nf6 {[%emt 0:00:19]} 7. Bc4 {[%emt 0:00:08]} O-O {[%emt 0:00:16]} 8. Bb3 {[%emt 0:00:05]} d6 {[%emt 0:00:09]} 9. f3 {[%emt 0:01:55]} Bd7 {[%emt 0:00:12]} 10. a4 {[%emt 0:09:53]} Qa5 {[%emt 0:10:05]} 11. O-O {[%emt 0:14:44]} a6 {[%emt 0:13:38]} 12. Qd2 {[%emt 0:04:27]} Rfc8 {[%emt 0:04:29]} 13. Rfd1 {[%emt 0:02:28]} Ne5 {[%emt 0:04:39]} 14. Qe2 {[%emt 0:02:00]} Qc7 {[%emt 0:03:03]} 15. a5 {[%emt 0:14:04]} Nc4 {[%emt 0:01:15]} 16. Bxc4 {[%emt 0:03:17]} Qxc4 {[%emt 0:03:08]} 17. Qf2 {[%emt 0:01:11]} d5 {[%emt 0:21:22]} 18. e5 {[%emt 0:05:10]} Ne8 {[%emt 0:00:53]} 19. f4 {[%emt 0:02:32]} Nc7 {[%emt 0:02:17]} 20. Nb3 {[%emt 0:03:03]} Be8 {[%emt 0:12:06]} 21. Rd4 {[%emt 0:20:35]} Qc6 {[%emt 0:00:15]} 22. Rb4 {[%emt 0:00:26]} Nb5 {[%emt 0:03:39]} 23. Nxb5 {[%emt 0:00:23]} axb5 {[%emt 0:00:02]} 24. c3 {[%emt 0:00:08]} e6 {[%emt 0:01:00]} 25. Bc5 {[%emt 0:01:07]} Ra6 {[%emt 0:04:23]} 26. h4 {[%emt 0:00:49]} h5 {[%emt 0:04:09]} 27. Rd4 {[%emt 0:09:04]} Bf8 {[%emt 0:04:34]} 28. Bxf8 {[%emt 0:01:16]} Kxf8 {[%emt 0:00:01]} 29. Qg3 {[%emt 0:00:08]} b6 {[%emt 0:01:11]} 30. axb6 {[%emt 0:02:24]} Rxa1+ {[%emt 0:00:02]} 31. Nxa1 {[%emt 0:00:01]} Qxb6 {[%emt 0:00:26]} 32. Nc2 {[%emt 0:00:54]} Qa7 {[%emt 0:01:22]} 33. Qf2 {[%emt 0:00:34]} Qa2 {[%emt 0:01:45]} 34. Na3 {[%emt 0:00:35]} Qa1+ {[%emt 0:01:56]} 35. Kh2 {[%emt 0:00:06]} Rb8 {[%emt 0:01:22]} 36. Rb4 {[%emt 0:00:45]} Qd1 {[%emt 0:00:52]} 37. Nc2 {[%emt 0:02:59]} Kg7 {[%emt 0:01:24]} 38. Nd4 {[%emt 0:00:52]} Qc1 {[%emt 0:01:19]} 39. Nxe6+ {[%emt 0:00:17]} Kh8 {[%emt 0:01:12]} 40. Ng5 {[%emt 0:00:30]} Ra8 {[%emt 0:00:30]} 41. f5 {[%emt 0:08:51]} Qb1 {[%emt 0:06:07]} 42. fxg6 {[%emt 0:05:20]} Qxg6 {[%emt 0:00:28]} 43. Rf4 {[%emt 0:00:07]} Kg8 {[%emt 0:03:09]} 44. Rf6 {[%emt 0:01:56]} Qg7 {[%emt 0:01:24]} 45. e6 {[%emt 0:00:06]} Ra7 {[%emt 0:01:42]} 46. exf7+ {[%emt 0:01:38]} Bxf7 {[%emt 0:00:11]} 47. Rxf7 {[%emt 0:00:24] normal} 1-0

[Event "-chT Youth Countries 2019"]
[Site "Wuerzburg"]
[Date "2019.10.02"]
[Round "2.1"]
[White "Gschnitzer, Adrian"]
[Black "Browning, Alex"]
[Result "1-0"]
[WhiteElo "2412"]
[BlackElo "2291"]
[Annotator "TA"]
[PlyCount "79"]
[EventDate "2019.10.02"]
[EventType "team-tourn"]
[EventRounds "7"]
[EventCountry "GER"]
[SourceTitle "playchess.com"]
[Source "ChessBase"]
[SourceQuality "1"]
[WhiteTeam "Baden 1"]
[BlackTeam "Nordrhein-Westfalen"]

{[%evp 16,79,23,26,39,39,29,40,31,39,44,39,35,22,39,35,41,39,37,37,45,-51,-60,-69,-68,-68,100,104,95,87,88,116,195,214,195,203,197,199,193,190,213,214,235,222,221,244,268,264,268,270,279,292,292,291,615,612,691,663,663,645,614,607,795,764,4810,2634]} 1. e4 c5 2. Nf3 d6 3. d4 cxd4 4. Nxd4 Nf6 5. Nc3 a6 6. Bg5 e6 7. f4 h6 8. Bh4 Qb6 9. a3 Be7 {B96: Sicilian Najdorf: 6 Bg5 e6 7 f4, lines other than 7...Qb6 and 7...Be7} 10. Bf2 {aiming for Nxe6!} Qc7 11. Qf3 Nbd7 {White is slightly better.} 12. O-O-O b5 13. g4 g5 (13... Bb7 14. h4 Nc5 15. Bd3 d5 16. e5 Nfe4 17. Be1 {1-0 (45) Wei,Y (2737)-Lu,S (2619) Changsha 2019}) 14. h4 gxf4 15. Be2 Ne5 16. Qxf4 Nexg4 17. Bxg4 {Qf3 is the strong threat.} e5 $146 18. Qxf6 (18. Nd5 $1 $14 Nxd5 19. Qf3 Bxg4 20. Qxg4) 18... Bxf6 $15 19. Nd5 Qd8 20. Nf5 Rb8 $2 (20... Bxf5 $1 $15 {keeps the upper hand.} 21. Bxf5 Rb8) 21. Nxf6+ $16 Qxf6 22. Rxd6 Be6 {[#]} 23. Be3 $1 Qg6 {[#]} (23... h5 $16 {was necessary.} 24. Bg5 Qg6) 24. Rxe6+ $1 $18 {[%mdl 512]} fxe6 {[#]} 25. Bh5 $1 {[%cal Rh5g6][%mdl 576] Deflection, Decoy} Qxh5 26. Ng7+ {[%mdl 64] Double Attack} Kf7 27. Nxh5 Kg6 28. Ng3 Rhf8 29. Bc5 Rf3 30. Bd6 Rc8 31. Bxe5 Rc5 32. Bd6 Rc6 33. Rg1 Kf7 34. e5 {Black must now prevent Nh5.} Rc4 $2 (34... Rc8) 35. Nh5 {Intending Rg7+ and mate.White is clearly winning.} Rd4 36. Rg7+ Ke8 {[%cal Rf3f1]} 37. Nf6+ Rxf6 {[%cal Rf6f1]} 38. Rg8+ ({Not} 38. exf6 Rxd6 39. Re7+ Kf8 $16) 38... Kf7 {[%cal Rf6f1]} 39. Rf8+ Kg7 40. exf6+ {Accuracy: White = 83%, Black = 50%.} 1-0

[Event "-chT Youth Countries 2019"]
[Site "Wuerzburg"]
[Date "2019.10.02"]
[Round "2.1"]
[White "Roseneck, Jonas"]
[Black "Nothnagel, Marian Can"]
[Result "1-0"]
[WhiteElo "2402"]
[BlackElo "2376"]
[Annotator "TA"]
[PlyCount "85"]
[EventDate "2019.10.02"]
[EventType "team-tourn"]
[EventRounds "7"]
[EventCountry "GER"]
[SourceTitle "playchess.com"]
[Source "ChessBase"]
[SourceQuality "1"]
[WhiteTeam "Sachsen-Anhalt"]
[BlackTeam "Hessen"]

{[%evp 14,85,31,16,67,67,65,56,57,46,63,31,12,14,15,4,56,56,54,52,49,56,54,7,11,10,15,5,9,-16,-10,-10,-23,-9,-8,-8,-8,-14,0,-4,0,-45,0,0,0,0,0,8,36,2,43,0,0,-29,0,-7,0,0,0,0,88,104,127,138,122,134,176,202,234,231,892,876,1440,1411]} 1. e4 e5 2. Nf3 d6 3. d4 exd4 4. Nxd4 Nf6 5. Nc3 Be7 6. g3 Nc6 7. Bg2 O-O 8. O-O Bg4 {C41: Philidor Defence} (8... Nxd4 $11 9. Qxd4 Re8) (8... Bd7 9. Re1 Re8 10. h3 Bf8 11. Be3 Ne5 12. b3 h6 13. f4 Ng6 14. Qd3 c6 15. a4 Qc7 16. Rad1 {1-0 (38) Guseinov,G (2664)-Kazhgaleyev,M (2587) St Petersburg 2018}) 9. Nxc6 $14 bxc6 10. Qd2 Qd7 {White is slightly better.} 11. Re1 $146 ({Predecessor:} 11. b3 Bh3 12. Bb2 Bxg2 13. Kxg2 Rfe8 14. Rad1 Bf8 15. Rfe1 c5 16. Qd3 {½-½ (40) Georgiadis,N (2483)-Flueckiger,T (2190) Switzerland 2016}) 11... Bh3 12. Bh1 Rad8 13. b3 d5 14. Bb2 Rfe8 (14... Bb4 $11 15. a3 Ba5 16. exd5 cxd5) 15. e5 $1 {[%cal Re5f6]} Ng4 16. Na4 $1 Qf5 17. f3 Nh6 18. Qf2 Qg6 19. Bg2 Bxg2 20. Kxg2 Nf5 21. Rad1 c5 22. Kh1 Qc6 23. Ba3 {[%cal Ra3c5]} d4 {Black wants to play ...Ne3.} 24. Bc1 c4 25. Nb2 cxb3 26. axb3 Bc5 {[#] White must now prevent ...d3.} 27. Rd3 Ne3 ({Better is} 27... Rd5 $15) 28. Bxe3 $11 dxe3 29. Qg2 Rxd3 30. Nxd3 Bb6 31. Re2 Qc3 32. Qf1 Qd4 33. Qb1 Rd8 34. Kg2 Qd5 35. Qa1 g5 36. Qa4 Bd4 {[#]} (36... h5 $11) 37. Nb4 $1 $36 {[%cal Rb4d5][%mdl 2048] Keeping Black busy.} Qa8 38. Nc6 {[%mdl 64] Double Attack, Discovered Attack} g4 39. fxg4 ({But not} 39. Nxd4 $6 Rxd4 40. Qxd4 Qxf3+ 41. Kg1 Qxe2 $11) 39... Bb6 40. Qe4 Kf8 41. Kh3 {Strongly threatening e6.} ({Don't go for} 41. e6 $2 Rd6 $19) 41... Rd2 $2 (41... Re8) 42. e6 $18 Rxe2 43. Qxh7 {Accuracy: White = 73%, Black = 51%.} 1-0

[Event "-chT Youth Countries 2019"]
[Site "Wuerzburg"]
[Date "2019.10.02"]
[Round "2.1"]
[White "Svane, Frederik"]
[Black "Muckle, Julius"]
[Result "1/2-1/2"]
[WhiteElo "2360"]
[BlackElo "2398"]
[Annotator "NA"]
[PlyCount "117"]
[EventDate "2019.10.02"]
[EventType "team-tourn"]
[EventRounds "7"]
[EventCountry "GER"]
[SourceTitle "playchess.com"]
[Source "ChessBase"]
[SourceQuality "1"]
[WhiteTeam "Schleswig-Holstein"]
[BlackTeam "Rheinland-Pfalz"]
[TimeControl "40/5400+30:1800+30"]

1. e4 {[%emt 0:00:00]} e6 {[%emt 0:00:00]} 2. d4 {[%emt 0:00:00]} d5 {[%emt 0:00:00]} 3. Nd2 {[%emt 0:00:00]} Nf6 {[%emt 0:00:11]} 4. e5 {[%emt 0:00:10]} Nfd7 {[%emt 0:00:01]} 5. Bd3 {[%emt 0:00:27]} c5 {[%emt 0:00:01]} 6. c3 {[%emt 0:00:08]} Nc6 {[%emt 0:00:03]} 7. Ngf3 {[%emt 0:00:08]} Qb6 {[%emt 0:00:37]} 8. O-O {[%emt 0:00:10]} cxd4 {[%emt 0:01:32]} 9. cxd4 {[%emt 0:00:07]} Nxd4 {[%emt 0:00:41]} 10. Nxd4 {[%emt 0:00:08]} Qxd4 {[%emt 0:00:01]} 11. Nf3 {[%emt 0:00:10]} Qb4 {[%emt 0:03:43]} 12. a3 {[%emt 0:05:33]} Qb6 {[%emt 0:02:08]} 13. Be3 {[%emt 0:04:07]} Bc5 {[%emt 0:00:55]} 14. Bd2 {[%emt 0:00:04]} f6 {[%emt 0:22:14]} 15. b4 {[%emt 0:18:21]} Be7 {[%emt 0:07:03]} 16. Bc3 {[%emt 0:00:22]} O-O {[%emt 0:13:43]} 17. Qc2 {[%emt 0:00:07]} f5 {[%emt 0:05:22]} 18. Rfc1 {[%emt 0:00:12]} Qd8 {[%emt 0:02:50]} 19. a4 {[%emt 0:04:24]} Nb6 {[%emt 0:19:36]} 20. a5 {[%emt 0:01:44]} d4 {[%emt 0:01:49]} 21. Nxd4 {[%emt 0:17:11]} Nd5 {[%emt 0:00:36]} 22. Bc4 {[%emt 0:01:27]} Nxb4 {[%emt 0:05:46]} 23. Bxb4 {[%emt 0:02:03]} Bxb4 {[%emt 0:00:01]} 24. Nxe6 {[%emt 0:24:30]} Bxe6 {[%emt 0:00:05]} 25. Bxe6+ {[%emt 0:00:03]} Kh8 {[%emt 0:00:03]} 26. Bxf5 {[%emt 0:01:50]} Bxa5 {[%emt 0:03:18]} 27. Ra3 {[%emt 0:15:25]} Bb6 {[%emt 0:00:34]} 28. Rh3 {[%emt 0:01:21]} h6 {[%emt 0:00:24]} 29. Rf3 {[%emt 0:01:02]} Qg5 {[%emt 0:01:42]} 30. Rf1 {[%emt 0:00:12]} g6 {[%emt 0:03:14]} 31. Be4 {[%emt 0:00:05]} Rxf3 {[%emt 0:04:10]} 32. Bxf3 {[%emt 0:00:05]} Rf8 {[%emt 0:00:03]} 33. e6 {[%emt 0:02:53]} Kg7 {[%emt 0:02:26]} 34. Rd1 {[%emt 0:01:54]} Rd8 {[%emt 0:00:26]} 35. Rxd8 {[%emt 0:00:33]} Qxd8 {[%emt 0:00:11]} 36. Bxb7 {[%emt 0:00:14]} Qf6 {[%emt 0:00:24]} 37. Qa2 {[%emt 0:00:45]} Qc3 {[%emt 0:01:12]} 38. g3 {[%emt 0:00:16]} Kf6 {[%emt 0:01:15]} 39. Kg2 {[%emt 0:00:13]} Qe5 {[%emt 0:00:35]} 40. Bd5 {[%emt 0:00:50]} h5 {[%emt 0:00:30]} 41. Qb3 {[%emt 0:02:00]} Qe2 {[%emt 0:08:59]} 42. Qc3+ {[%emt 0:06:04]} Kf5 {[%emt 0:04:24]} 43. Qf3+ {[%emt 0:00:04]} Qxf3+ {[%emt 0:00:05]} 44. Kxf3 {[%emt 0:00:07]} Kf6 {[%emt 0:00:58]} 45. Ke2 {[%emt 0:00:35]} a5 {[%emt 0:00:12]} 46. f4 {[%emt 0:02:47]} a4 {[%emt 0:03:14]} 47. Kf3 {[%emt 0:01:02]} Bc5 {[%emt 0:01:43]} 48. Ba2 {[%emt 0:00:07]} a3 {[%emt 0:00:28]} 49. Ke4 {[%emt 0:00:36]} Be7 {[%emt 0:02:23]} 50. Kd5 {[%emt 0:00:44]} Bb4 {[%emt 0:00:19]} 51. Kc4 {[%emt 0:00:47]} Bf8 {[%emt 0:00:24]} 52. Kd5 {[%emt 0:02:57]} Be7 {[%emt 0:00:12]} 53. Kc6 {[%emt 0:01:14]} Bf8 {[%emt 0:00:11]} 54. Kd7 {[%emt 0:00:34]} Bb4 {[%emt 0:00:07]} 55. h3 {[%emt 0:00:16]} Bc5 {[%emt 0:00:28]} 56. Bb1 {[%emt 0:00:11]} Bb4 {[%emt 0:00:10]} 57. Ba2 {[%emt 0:00:27]} Bc5 {[%emt 0:00:05]} 58. Bd5 {[%emt 0:01:20]} Bb4 {[%emt 0:00:11]} 59. Ba2 {[%emt 0:00:56] normal Ke5} 1/2-1/2

[Event "-chT Youth Countries 2019"]
[Site "Wuerzburg"]
[Date "2019.10.02"]
[Round "2.1"]
[White "Vuckovic, Zarko"]
[Black "Polster, Christian"]
[Result "0-1"]
[WhiteElo "2253"]
[BlackElo "2279"]
[Annotator "NA"]
[PlyCount "134"]
[EventDate "2019.10.02"]
[EventType "team-tourn"]
[EventRounds "7"]
[EventCountry "GER"]
[SourceTitle "playchess.com"]
[Source "ChessBase"]
[SourceQuality "1"]
[WhiteTeam "Bayern 1"]
[BlackTeam "Niedersachsen"]
[TimeControl "40/5400+30:1800+30"]

1. e4 {[%emt 0:00:00]} c5 {[%emt 0:00:00]} 2. Nc3 {[%emt 0:00:00]} Nc6 {[%emt 0:00:00]} 3. Nge2 {[%emt 0:00:00]} g6 {[%emt 0:04:46]} 4. d4 {[%emt 0:02:05]} cxd4 {[%emt 0:00:13]} 5. Nxd4 {[%emt 0:00:01]} Bg7 {[%emt 0:00:10]} 6. Be3 {[%emt 0:00:05]} Nf6 {[%emt 0:01:27]} 7. Bc4 {[%emt 0:00:51]} Qa5 {[%emt 0:01:16]} 8. O-O {[%emt 0:00:08]} d6 {[%emt 0:00:51]} 9. Nb3 {[%emt 0:08:29]} Qd8 {[%emt 0:05:32]} 10. Be2 {[%emt 0:02:19]} O-O {[%emt 0:02:41]} 11. f4 {[%emt 0:00:07]} Be6 {[%emt 0:07:07]} 12. Bf3 {[%emt 0:01:38]} Na5 {[%emt 0:07:52]} 13. e5 {[%emt 0:17:09]} Ne8 {[%emt 0:05:05]} 14. Nxa5 {[%emt 0:21:57]} Qxa5 {[%emt 0:01:49]} 15. Bxb7 {[%emt 0:00:10]} Rb8 {[%emt 0:01:00]} 16. Bd5 {[%emt 0:00:04]} Rxb2 {[%emt 0:05:44]} 17. Bxe6 {[%emt 0:00:11]} fxe6 {[%emt 0:04:01]} 18. Ne4 {[%emt 0:00:06]} dxe5 {[%emt 0:05:49]} 19. Qg4 {[%emt 0:07:15]} Nc7 {[%emt 0:14:23]} 20. Ng5 {[%emt 0:11:34]} Rf5 {[%emt 0:06:38]} 21. c4 {[%emt 0:03:20]} exf4 {[%emt 0:02:59]} 22. Bxf4 {[%emt 0:00:01]} Qb6+ {[%emt 0:00:53]} 23. Kh1 {[%emt 0:00:34]} Rf2 {[%emt 0:02:56]} 24. Nf3 {[%emt 0:11:28]} Bxa1 {[%emt 0:02:11]} 25. Rxa1 {[%emt 0:00:02]} Rb2 {[%emt 0:06:27]} 26. h3 {[%emt 0:01:01]} Ne8 {[%emt 0:02:09]} 27. Be5 {[%emt 0:01:50]} Rb1+ {[%emt 0:00:27]} 28. Rxb1 {[%emt 0:00:04]} Qxb1+ {[%emt 0:00:14]} 29. Kh2 {[%emt 0:00:01]} Qxa2 {[%emt 0:01:25]} 30. Qe4 {[%emt 0:06:19]} Qa5 {[%emt 0:03:09]} 31. Bb2 {[%emt 0:00:59]} Qc7+ {[%emt 0:00:34]} 32. Kh1 {[%emt 0:00:44]} Qc8 {[%emt 0:04:25]} 33. Qd4 {[%emt 0:02:07]} Nf6 {[%emt 0:00:38]} 34. Qxa7 {[%emt 0:00:03]} Qc5 {[%emt 0:01:24]} 35. Qb8+ {[%emt 0:01:19]} Kg7 {[%emt 0:00:24]} 36. Qb7 {[%emt 0:00:35]} Rf4 {[%emt 0:00:44]} 37. Ne5 {[%emt 0:03:20]} Rf1+ 38. Kh2 Rb1 {[%emt 0:01:04]} 39. Ng4 {[%emt 0:00:17]} Qg1+ {[%emt 0:00:14]} 40. Kg3 {[%emt 0:00:04]} Qe1+ {[%emt 0:00:43]} 41. Kh2 {[%emt 0:30:57]} Kf7 {[%emt 0:06:27]} 42. Nh6+ {[%emt 0:00:00]} Kf8 {[%emt 0:02:04]} 43. Qb8+ {[%emt 0:00:00]} Kg7 {[%emt 0:00:07]} 44. Ng4 {[%emt 0:00:00]} e5 {[%emt 0:09:45]} 45. Qxe5 {[%emt 0:00:00]} Qxe5+ {[%emt 0:00:11]} 46. Bxe5 {[%emt 0:00:00]} Kf7 {[%emt 0:01:11]} 47. Ne3 {[%emt 0:00:00]} Nd7 {[%emt 0:00:32]} 48. Bf4 {[%emt 0:00:00]} e5 {[%emt 0:00:17]} 49. Bh6 {[%emt 0:00:00]} Ke6 {[%emt 0:01:14]} 50. Kg3 {[%emt 0:00:00]} Rc1 {[%emt 0:00:40]} 51. Kf3 {[%emt 0:00:00]} Nb6 {[%emt 0:00:26]} 52. Nd5 {[%emt 0:00:00]} Rb1 {[%emt 0:03:18]} 53. Ne3 {[%emt 0:00:00]} Rb3 {[%emt 0:00:36]} 54. Ke2 {[%emt 0:00:00]} Rxe3+ {[%emt 0:04:39]} 55. Bxe3 {[%emt 0:00:00]} Nxc4 {[%emt 0:00:05]} 56. Bc1 {[%emt 0:00:00]} Kd5 {[%emt 0:00:32]} 57. Kf3 {[%emt 0:00:00]} Kd4 {[%emt 0:01:09]} 58. Ke2 {[%emt 0:00:00]} Ke4 {[%emt 0:01:00]} 59. Bh6 {[%emt 0:00:00]} Nb6 {[%emt 0:00:49]} 60. Bg5 {[%emt 0:00:00]} Nd5 {[%emt 0:00:16]} 61. Bh6 {[%emt 0:00:00]} Nf4+ {[%emt 0:00:24]} 62. Kf2 {[%emt 0:00:00]} Ne6 {[%emt 0:00:20]} 63. Bc1 {[%emt 0:00:00]} Kd3 {[%emt 0:00:23]} 64. Ba3 {[%emt 0:00:00]} e4 {[%emt 0:00:24]} 65. Bb4 {[%emt 0:00:00]} e3+ {[%emt 0:00:48]} 66. Kf1 {[%emt 0:00:00]} Nd4 {[%emt 0:00:40]} 67. Be1 {[%emt 0:00:00]} Kc2 {[%emt 0:00:29] normal} 0-1

[Event "-chT Youth Countries 2019"]
[Site "Wuerzburg"]
[Date "2019.10.02"]
[Round "2.1"]
[White "Tiarks, Jann-Christian"]
[Black "Riehle, Marco"]
[Result "1/2-1/2"]
[WhiteElo "2178"]
[BlackElo "2309"]
[Annotator "NA"]
[PlyCount "71"]
[EventDate "2019.10.02"]
[EventType "team-tourn"]
[EventRounds "7"]
[EventCountry "GER"]
[SourceTitle "playchess.com"]
[Source "ChessBase"]
[SourceQuality "1"]
[WhiteTeam "SG Brandenburg / Berlin"]
[BlackTeam "Baden 2"]
[TimeControl "40/5400+30:1800+30"]

1. e4 {[%emt 0:00:00]} e5 {[%emt 0:00:00]} 2. Nf3 {[%emt 0:00:00]} Nf6 {[%emt 0:00:22]} 3. Nxe5 {[%emt 0:00:00]} Nxe4 {[%emt 0:00:04]} 4. Qe2 {[%emt 0:02:49]} Qe7 {[%emt 0:00:34]} 5. Qxe4 {[%emt 0:00:46]} d6 {[%emt 0:00:06]} 6. d4 {[%emt 0:02:56]} dxe5 {[%emt 0:05:35]} 7. dxe5 {[%emt 0:02:29]} Nc6 {[%emt 0:02:35]} 8. Bb5 {[%emt 0:03:04]} Bd7 {[%emt 0:00:07]} 9. O-O {[%emt 0:01:26]} O-O-O {[%emt 0:00:06]} 10. Nc3 {[%emt 0:00:45]} Nxe5 {[%emt 0:06:28]} 11. Bxd7+ {[%emt 0:08:48]} Nxd7 {[%emt 0:01:08]} 12. Bf4 {[%emt 0:03:45]} Qxe4 {[%emt 0:03:54]} 13. Nxe4 {[%emt 0:01:31]} h6 {[%emt 0:01:55]} 14. Rad1 {[%emt 0:05:56]} g5 {[%emt 0:02:56]} 15. Bd2 {[%emt 0:01:55]} f5 {[%emt 0:08:49]} 16. Bc3 {[%emt 0:01:21]} Rh7 {[%emt 0:02:16]} 17. Nf6 {[%emt 0:01:49]} Rf7 {[%emt 0:01:05]} 18. Nxd7 {[%emt 0:00:21]} Rdxd7 {[%emt 0:00:44]} 19. Rfe1 {[%emt 0:00:30]} Rfe7 {[%emt 0:00:58]} 20. Rxd7 {[%emt 0:00:33]} Rxe1+ {[%emt 0:00:09]} 21. Bxe1 {[%emt 0:00:03]} Kxd7 {[%emt 0:00:04]} 22. Bc3 {[%emt 0:00:21]} Ke6 {[%emt 0:00:16]} 23. Kf1 {[%emt 0:00:26]} Bd6 {[%emt 0:01:19]} 24. h3 {[%emt 0:01:14]} Be5 {[%emt 0:04:46]} 25. Bxe5 {[%emt 0:00:56]} Kxe5 {[%emt 0:00:03]} 26. Ke2 {[%emt 0:00:12]} b5 {[%emt 0:00:40]} 27. Ke3 {[%emt 0:03:57]} c5 {[%emt 0:01:25]} 28. Kd3 {[%emt 0:04:49]} h5 {[%emt 0:02:06]} 29. c3 {[%emt 0:09:29]} h4 {[%emt 0:01:11]} 30. Ke3 {[%emt 0:00:27]} Kd5 {[%emt 0:04:07]} 31. Kd3 {[%emt 0:02:43]} a5 {[%emt 0:03:42]} 32. b3 {[%emt 0:00:55]} g4 {[%emt 0:01:25]} 33. f3 {[%emt 0:02:26]} gxh3 {[%emt 0:06:51]} 34. gxh3 {[%emt 0:00:20]} Ke5 {[%emt 0:00:16]} 35. Ke3 {[%emt 0:00:15]} c4 {[%emt 0:00:38]} 36. bxc4 {[%emt 0:00:15] normal} 1/2-1/2

[Event "-chT Youth Countries 2019"]
[Site "Wuerzburg"]
[Date "2019.10.02"]
[Round "2.2"]
[White "Krastev, Alexander"]
[Black "Sieber, Fiona"]
[Result "1/2-1/2"]
[WhiteElo "2343"]
[BlackElo "2252"]
[Annotator "TA"]
[PlyCount "69"]
[EventDate "2019.10.02"]
[EventType "team-tourn"]
[EventRounds "7"]
[EventCountry "GER"]
[SourceTitle "playchess.com"]
[Source "ChessBase"]
[SourceQuality "1"]
[WhiteTeam "Hessen"]
[BlackTeam "Sachsen-Anhalt"]

{[%evp 9,69,14,27,17,31,33,51,58,54,50,75,0,0,0,0,0,0,0,0,0,55,0,7,0,12,-50,0,0,10,23,82,76,101,77,71,64,62,71,122,127,175,198,150,181,192,171,134,93,94,110,163,11,0,0,0,0,0,0,0,0,0,0]} 1. e4 c5 2. Nf3 d6 3. Bb5+ Nd7 4. O-O a6 5. Bd3 Ngf6 6. Re1 {B51: Sicilian: Moscow Variation (3 Bb5+) without 3...Bd7} b5 7. c4 g5 8. Nxg5 {White is slightly better.} Ne5 9. Be2 bxc4 10. Bxc4 $146 (10. Nf3 $16) ({Predecessor:} 10. Nc3 Rg8 11. d4 cxd3 12. Bxd3 Bh6 {0-1 (40) Neiksans,A (2552)-Vachier Lagrave,M (2780) chess.com INT 2019}) 10... Nxc4 $11 11. Qa4+ {[%mdl 64] Double Attack} Nd7 12. Qxc4 {[%csl Gg5][%cal Rc4f7]} Ne5 13. Qc3 Rg8 14. f4 ({Don't play} 14. Nxh7 Bh6 $17) 14... Nc6 ({Black should try} 14... Bg7 $11) 15. d3 Nd4 16. Qc4 $36 {[%mdl 2048] White has the initiative.} e6 $1 17. Nd2 (17. Be3 $11) 17... Rb8 {[%mdl 1024] Hoping for ...Rb4. Black has compensation.} (17... Bd7 $5 {[%cal Rd7b5]} 18. Ngf3 Bb5 $17) 18. Qa4+ Bd7 19. Qd1 $1 h6 (19... e5 $11) 20. Ngf3 $16 Bg7 21. Nc4 Bb5 22. e5 dxe5 23. fxe5 Bc6 (23... Nf5 $142) 24. Nd6+ Qxd6 25. exd6 Nxf3+ 26. gxf3 Bxb2+ 27. Kf1 $1 {And now Rb1 would win.} Bxa1 28. Be3 Bc3 {[#]} 29. Re2 $1 {Strongly threatening Qc1.} Bxf3 {[#]} (29... Kd7 $16 {might work better.}) 30. Qa4+ $2 (30. Qc1 $1 $18 Bxe2+ 31. Kxe2) 30... Kd8 $11 {...Rb1+ is the strong threat.The position is equal.} 31. Rc2 Rb1+ 32. Rc1 Rxc1+ 33. Bxc1 {aiming for Qh4+.} Bd4 $1 {[%csl Gd4][%cal Rg8g1]} 34. Qa5+ Ke8 {[%csl Gd4][%cal Rg8g1]} 35. Qa4+ {Accuracy: White = 53%, Black = 57%.} 1/2-1/2